| 000 | 00633nam a2200157 i 4500 | ||
|---|---|---|---|
| 001 | 45403 | ||
| 003 | ES-MaACL | ||
| 007 | t| | ||
| 008 | 030325s1954 sp ||||1| spa d | ||
| 100 | 1 |
_aColvin, Fred H. _939919 |
|
| 245 | 1 | 0 |
_aManual del taller mecánico y vocabulario de taller / _cpor Fred H. Colvin ; traducción de la octava edición norteamericana, corregida y aumetada por varios especialistas bajo la dirección de Antidio Layret Foix. |
| 260 |
_aBarcelona : _bLabor, _c1954 ( _fTalls. Gráfs. Iberoamericanos) |
||
| 300 |
_a2 v. : _bil. ; _c20 cm. |
||
| 700 | 1 |
_aLayret Foix, Antidio. _970769 |
|
| 852 |
_aES-MaACL _jC-7933-34 |
||
| 999 |
_c45403 _d45403 |
||